000 00451nam a2200205Ia 4500
001 13052
003 GE_BSU
008 181216s||||||||xx |||||||||||||| ||und||
020 _a9780755322879
040 _cGE_BSU
080 _a821.111.3
100 _aO'BRIEN,MARTIN.
245 _aJACQUOT AND THE ANGEL.
260 _aLONDON.
260 _bHEADLINE.
260 _c2005
300 _a538P;18CM.
653 _aJACQUOT AND THE ANGEL.
942 _cBK
999 _c46219
_d46219